[Event "Biel"]
[Site "27"]
[Date "1994.07.24"]
[Round "1"]
[White "Forster, Richard"]
[Black "Vaganian, Rafael"]
[Result "1-0"]
[WhiteElo "2380"]
[BlackElo "2645"]
[Annotator "JvR"]
[PlyCount "57"]
[EventDate "1994.07.??"]
[SourceDate "2013.10.27"]

{The twenty-seventh Schachfestival was played from 22 vii until 6 viii 1994.
Vaganian had the highest rating of the twelve participants.} 1. e4 e6 2. d4 d5
3. Nd2 c5 4. exd5 Qxd5 5. Ngf3 cxd4 6. Bc4 Qd8 7. O-O Ne7 8. Nb3 Qc7 9. Qe2 Ng6
10. Nbxd4 a6 11. Bxe6 $5 {Forster delivers a spectacular novelty.} fxe6 12.
Nxe6 Bxe6 ({The pointe is} 12... Qe7 $2 13. Nc7+ $1) 13. Qxe6+ Qe7 $2 ({
Correct is} 13... Be7 $1 14. Ng5 Nc6 15. Qf7+ Kd7 $1 16. Qf5+ Ke8 17. Ne6 Qe5
$1 18. Qxe5 Ncxe5 19. Nc7+ {and equality (Knaak).}) 14. Qc8+ Qd8 15. Qxb7 Nd7
16. Bg5 Rb8 $5 17. Qe4+ $5 Be7 18. Rad1 $1 Qc7 19. Bxe7 Nxe7 20. Rfe1 Nf6 21.
Qa4+ $1 Kf8 ({Or} 21... Kf7 22. Ne5+ Kg8 23. Nd7 $1) 22. Ng5 Qc6 23. Qa3 Re8
24. Re6 Qb7 25. Qd6 $1 Qxb2 26. Rde1 Nfg8 (26... Nfd5 27. Qxd5 $1 Nxd5 28.
Rxe8# {ends elegantly.}) 27. Qf4+ Nf6 28. Qc4 $1 Rc8 29. Rc6 $1 {
White threatens 28.Qf7#. The eventual tailender started with a spectacular win.
} 1-0

[Event "Biel"]
[Site "27"]
[Date "1994.07.25"]
[Round "2"]
[White "Vaganian, Rafael"]
[Black "Gallagher, Joseph"]
[Result "1-0"]
[WhiteElo "2645"]
[BlackElo "2470"]
[Annotator "JvR"]
[PlyCount "131"]
[EventDate "1994.07.??"]
[SourceDate "2013.10.27"]

1. Nf3 d6 2. g3 e5 3. d3 g6 4. c4 Bg7 5. Nc3 Nc6 6. Bg2 Nf6 7. O-O O-O 8. Rb1
a5 9. a3 Re8 10. Bg5 h6 11. Bxf6 Bxf6 12. b4 axb4 13. axb4 Bg7 14. b5 Ne7 15.
Qc2 c6 16. Nd2 d5 17. bxc6 bxc6 18. Rfc1 Be6 $5 (18... Bg4 {
drew in Dzindzichashvili - Ibragimov, Philadelphia 1992.}) 19. Na4 Qd6 20. Nb6
Ra7 21. e4 Rd8 $2 ({Correct is} 21... dxe4 22. Nxe4 Qd4) 22. cxd5 cxd5 23. exd5
Nxd5 24. Bxd5 $1 Bxd5 25. Nc8 Qd7 26. Nxa7 Qxa7 {White has gained an exchange.}
27. Qc7 $1 Qxc7 28. Rxc7 Ba2 29. Ra1 Be6 30. Ne4 $1 Bf8 31. Ra6 Kh8 ({Not} 
31... Rxd3 $2 32. Rxe6 $1 fxe6 33. Nf6+ Kh8 34. Rh7# {(Ribli).}) 32. h4 Rxd3
33. Rxe6 $1 fxe6 34. Nf6 Bg7 35. Rc8+ Bf8 36. Ng4 $1 Rd4 ({The pointe is} 36...
Kg7 37. Rc7+ $1 Kh8 38. Nxe5 $1) 37. f4 $1 Kg7 $2 (37... h5 38. Nxe5 Kg7 39.
Rc7+ Kg8 40. Nxg6 Bd6 {offers more resistance.}) 38. Rc7+ Kh8 39. Nxe5 $2 (39.
Nf6 $1 Bg7 40. Rc8+ {wins at once.}) 39... Bd6 40. Nf7+ Kg8 41. Nxh6+ Kh8 42.
Nf7+ Kg8 43. Nxd6 Rxd6 44. Kf2 {White has an extra pawn in the rook ending.}
Kf8 45. Ke3 Rd1 46. Ke4 Re1+ 47. Kd4 Re2 48. g4 Re1 49. g5 Re2 50. Rh7 Kg8 51.
Rh6 $2 Kg7 $1 52. h5 gxh5 53. Rxh5 Kg6 $2 ({Right is} 53... e5+ $1 54. fxe5 Kg6
$1 {drawn.}) 54. Rh6+ Kf7 55. Rh1 Rd2+ 56. Ke4 Re2+ 57. Kf3 Ra2 58. Rh7+ Kf8 ({
Or} 58... Kg6 59. Re7 Ra6 60. Kg4 Rb6 61. Rxe6+ $1 Rxe6 62. f5+ {(Ribli).}) 59.
g6 Ra4 60. Rf7+ Ke8 61. Kg4 e5 62. Kg5 exf4 (62... Rxf4 63. Rxf4 exf4 64. Kh6
$1 {wins for White.}) 63. Rf5 Ke7 64. g7 Ra1 65. Rxf4 Rg1+ 66. Kh6 $1 {
Vaganian came back in the second round.} 1-0

[Event "Biel"]
[Site "27"]
[Date "1994.07.26"]
[Round "3"]
[White "Gavrikov, Viktor"]
[Black "Brunner, Lucas"]
[Result "1-0"]
[WhiteElo "2600"]
[BlackElo "2525"]
[Annotator "JvR"]
[PlyCount "111"]
[EventDate "1994.07.??"]
[SourceDate "2013.10.27"]

1. c4 e5 2. g3 Nf6 3. Bg2 d5 4. cxd5 Nxd5 5. Nc3 Nb6 6. d3 Be7 7. a3 a5 8. Be3
O-O 9. Rc1 f5 10. Nf3 Nc6 11. O-O Be6 12. Bxb6 cxb6 13. e3 $5 Bf6 14. Re1 Rf7
15. d4 Rd7 16. Qc2 e4 $1 17. Nd2 Ne7 $5 18. Nb5 $1 Nd5 19. Nb1 h5 20. N1c3 Ne7
$6 ({Preferable is} 20... Rc8 21. Qe2 g6 {and equality.}) 21. Qe2 g6 22. Bh3
Bf7 23. f3 exf3 24. Qxf3 Nc6 25. Bg2 Bg7 26. h3 Qg5 $5 27. Qf4 Qf6 28. Rf1 Qe7
$5 29. Na4 $1 {He seems to win a pawn.} Kh7 $1 30. Rfe1 $1 ({The trap is} 30.
Nxb6 $2 Bh6 $1) 30... Bh6 31. Qf2 Re8 $2 (31... Ra6 $1 32. Bxc6 $6 bxc6 33.
Rxc6 Bd5 $1 34. Rxb6 Qe4 35. Kh2 Bxe3 $1 36. Rxa6 h4 $1 {counters.}) 32. Nxb6
Rdd8 33. Rc3 Nxd4 $1 34. Nc7 $1 Nc6 35. Nxe8 Rxe8 {
White has gained an exchange.} 36. Kh1 Bg7 37. Rd3 Ne5 38. Rd2 $5 Qc7 $5 39.
Nd5 Qc5 40. Nf4 Qc7 $5 41. e4 $1 fxe4 42. Bxe4 Kh8 43. Qg2 b5 44. Bd5 $1 Kh7
45. Rde2 h4 46. gxh4 Rf8 47. h5 Bxd5 48. Nxd5 Qd6 49. hxg6+ Kg8 ({Or} 49...
Qxg6 50. Rxe5 $18) 50. Re3 Rf5 51. Nc3 Bh6 52. Rd1 Qf6 53. Nd5 Qe6 54. Rc3 Rg5
55. Nf4 $1 Rxg2 56. Rd8+ {Gavrikov started to win.} 1-0

[Event "Biel"]
[Site "27"]
[Date "1994.07.27"]
[Round "4"]
[White "Forster, Richard"]
[Black "Chiburdanidze, Maia"]
[Result "0-1"]
[WhiteElo "2380"]
[BlackElo "2505"]
[Annotator "JvR"]
[PlyCount "72"]
[EventDate "1994.07.??"]
[SourceDate "2013.10.27"]

1. e4 c6 2. d4 d5 3. e5 Bf5 4. h4 h6 5. g4 Be4 6. f3 Bh7 7. e6 Qd6 8. exf7+
Kxf7 9. Bd3 e5 10. Bxh7 Rxh7 11. dxe5 $5 Qxe5+ 12. Ne2 {
The wild opening has led to a black edge.} Nd7 13. Nbc3 Re8 14. Qd3 $6 (14. O-O
$1 Ngf6 15. Bf4 {develops naturally.}) 14... Ngf6 15. h5 $6 (15. Kf2 {
does not lose time.}) 15... d4 16. Qc4+ $6 ({Great complications bring} 16. Bf4
$1 Qxf4 $1 17. Qc4+ Nd5 18. Nxd5 Rxe2+ $1 {(Ambroz)} 19. Kxe2 Qe5+ 20. Ne3+)
16... Re6 17. Ne4 Nxe4 18. fxe4 Ke8 $1 19. O-O g5 $1 20. Rf5 $1 Qd6 21. Qd3 Nc5
22. Qf3 Nxe4 {Black has gained a pawn and controls the centre.} 23. b3 Rd7 24.
Bb2 Bg7 25. Rd1 c5 26. b4 Qb6 27. Qb3 c4 $1 28. Qxc4 d3+ 29. Kh2 Bxb2 30. cxd3
Nf6 31. Ng3 Be5 32. Rxe5 Rxe5 33. d4 Qe6 34. Qc8+ Rd8 35. Qxd8+ Kxd8 36. dxe5+
Nd7 {The former world champion among females attacked well.} 0-1

[Event "Biel"]
[Site "27"]
[Date "1994.07.28"]
[Round "5"]
[White "Gallagher, Joseph"]
[Black "Hoffman, Alejandro"]
[Result "1-0"]
[WhiteElo "2470"]
[BlackElo "2500"]
[Annotator "JvR"]
[PlyCount "85"]
[EventDate "1994.07.??"]
[SourceDate "2013.10.27"]

1. e4 d6 2. d4 Nf6 3. Nc3 e5 4. f4 Bg4 5. Be2 $5 ({Known is} 5. Nf3) 5... exd4
6. Qxd4 Bxe2 $2 ({Preferable is} 6... Nc6 $1 7. Qa4 Bxe2 8. Ngxe2 Be7) 7. Ngxe2
Be7 $5 8. Be3 O-O 9. O-O Re8 10. Kh1 Bf8 11. Rae1 Nc6 12. Qd3 Nb4 13. Qd2 a5
14. a3 Na6 15. Ng3 c6 16. Qd1 b5 17. Qf3 d5 18. e5 $1 Nd7 19. Nce2 Qc7 20. Nd4
Rab8 $5 21. Qg4 c5 22. Nf3 $1 {
The white pieces are directed towards the hostile king.} Qc6 23. Nh5 Rb7 ({
Even worse is} 23... g6 $4 24. Qxd7 $1) 24. f5 $1 Nxe5 25. Nxe5 Rxe5 26. Nxg7
$1 Re4 27. Qg3 Bd6 28. Qh3 Be5 (28... Kxg7 $2 29. Qh6+ Kg8 30. Qg5+ Kh8 31.
Qf6+ Kg8 32. Bh6 {wins for White (Stohl).}) 29. f6 $1 Bxf6 30. Nh5 $6 (30. Qh6
$1 Rb6 31. Nh5 $1 {ends the game.}) 30... Bxb2 31. Bg5 Qe6 32. Qg3 Kf8 33. Rxe4
dxe4 34. Bf6 $1 Bxf6 35. Rxf6 Qe8 ({Or} 35... Qd5 36. Rd6 $1 Qxh5 37. Rd8+ Ke7
38. Qd6# {(Stohl).}) 36. Qg7+ Ke7 37. Rxa6 e3 38. Qf6+ Kf8 39. Qh8+ Ke7 40.
Qe5+ Kf8 41. Qxc5+ Re7 42. Nf4 Qd7 43. Ra8+ {Gallagher had the initiative.} 1-0

[Event "Biel"]
[Site "27"]
[Date "1994.07.29"]
[Round "6"]
[White "Cramling, Pia"]
[Black "Landenbergue, Claude"]
[Result "1-0"]
[WhiteElo "2525"]
[BlackElo "2450"]
[Annotator "JvR"]
[PlyCount "71"]
[EventDate "1994.07.??"]
[SourceDate "2013.10.27"]

1. d4 e6 2. Nf3 c5 3. e3 Nf6 4. c4 cxd4 5. exd4 d5 6. Nc3 Bb4 7. Bd3 O-O 8. O-O
dxc4 9. Bxc4 b6 10. Bg5 Bxc3 11. bxc3 Nbd7 12. Rc1 Qc7 13. Bd3 Bb7 14. Re1 Rac8
15. c4 Qd6 $5 (15... Rfe8 {happened in Portisch - Karpov, Bogojno 1978.}) 16.
Qd2 Bxf3 17. gxf3 Rfd8 18. Rcd1 e5 $5 19. d5 $5 Re8 20. Kh1 Nh5 21. Rg1 Nf8 22.
Rc1 Ng6 23. Be3 Rc7 24. a4 Nf6 25. a5 $1 Nf4 26. axb6 axb6 27. Rb1 Nxd3 28.
Rxb6 $5 {She brings life to a dull game.} (28. Qxd3 Nd7 {keeps the equality.})
28... Qa3 29. Rxf6 $1 Rxc4 30. Rc6 Rxc6 $2 ({Correct is} 30... Qb3 31. Qd1 Qc3)
31. dxc6 Nf4 ({Or} 31... Qb3 32. c7 $1 f5 33. Rc1 $1 Nxc1 34. Qd7 Qf7 35. c8=Q
Rxc8 36. Qxc8+ Qf8 37. Qxf8+ Kxf8 38. Bxc1) 32. Qd7 Qa8 33. Bxf4 exf4 34. Rd1
Rf8 35. Kg2 $1 g6 36. c7 {Pia was successful in Biel again.} 1-0

[Event "Biel"]
[Site "27"]
[Date "1994.08.05"]
[Round "10"]
[White "Landenbergue, Claude"]
[Black "Gavrikov, Viktor"]
[Result "0-1"]
[WhiteElo "2450"]
[BlackElo "2600"]
[Annotator "JvR"]
[PlyCount "122"]
[EventDate "1994.07.??"]
[SourceDate "2013.10.27"]

1. e4 c5 2. Nf3 d6 3. Bb5+ Bd7 4. Bxd7+ Nxd7 5. O-O Ngf6 6. Re1 e6 7. c4 a6 8.
Nc3 Be7 9. b3 O-O 10. Bb2 Qa5 11. d4 cxd4 12. Nxd4 Rac8 13. Rc1 Rfd8 $5 ({
Known is} 13... Rfe8) 14. Qe2 Bf8 15. Red1 g6 16. Rc2 Re8 17. Qd2 Qc5 18. Qd3
Red8 19. Qe2 Bg7 20. Nf3 Qc7 21. Rcd2 Ne8 22. Rc2 Qa5 23. Nb1 Bf8 24. Bc3 Qh5
25. Qe1 Rb8 26. Bb4 Nc5 27. Re2 b5 $1 {Black takes the initiative.} 28. cxb5
axb5 29. h3 Na6 30. Bd2 h6 31. Be3 b4 32. Nbd2 Nc5 33. Bxc5 Qxc5 34. Nc4 Nf6
35. Rc2 Qa7 36. Rdc1 Rdc8 37. Nxd6 $5 Rxc2 38. Rxc2 Bxd6 39. e5 Be7 40. exf6
Bxf6 41. Qe4 $6 {White becomes passive.} (41. Ne5 $1 Rb5 42. Ng4 Bg7 43. Qd2 {
remains active.}) 41... Bc3 $1 42. Ne5 Rd8 43. Qe2 Rd5 44. Ng4 Kg7 45. Qf3 Qd4
46. Ne3 Rd7 47. Qg4 Qa7 48. Qc4 Rd4 49. Qb5 Qc7 50. Rc1 Qf4 51. Rc2 Qd6 52. Qe2
Rd3 53. Qf1 f5 54. Rc1 f4 55. Rd1 $2 (55. Nc4 $1 Qd5 56. f3 {defends properly.}
) 55... Rxd1 56. Nxd1 Qd2 $1 57. Kh2 Bd4 58. Qc4 Kf6 $1 (58... Qxd1 $4 59. Qc7+
Kf6 60. Qxf4+ {leads to perpetual check.}) 59. Qc8 Qxd1 60. Qf8+ Ke5 61. Qxb4
Bxf2 {Gavrikov won again. The final standings became: Gavrikov 81/2/11,
Vaganian and Gallagher 7, Brunner 61/2, Wahls and Chiburdanidze 6, Cramling
and Hoffman 51/2, Pelletier 5, Landenbergue 31/2, Masserey 3, Forster 21/2.}
0-1

[Event "Biel"]
[Site "28"]
[Date "1995.07.22"]
[Round "2"]
[White "Dreev, Alexey"]
[Black "Shirov, Alexei"]
[Result "1-0"]
[WhiteElo "2670"]
[BlackElo "2695"]
[Annotator "JvR"]
[PlyCount "69"]
[EventDate "1995.07.??"]
[SourceDate "2013.10.27"]

{The twenty-eighth Schachfestival was played from 21 vii until 4 viii 1995.
Fourteen men participated in the main group.} 1. d4 Nf6 2. c4 g6 3. Nc3 Bg7 4.
e4 d6 5. f3 O-O 6. Bg5 c5 7. d5 Qa5 8. Bd2 e6 9. Nge2 exd5 10. Nxd5 Qd8 11. Bg5
Qa5+ $6 12. b4 Qd8 13. bxc5 Qa5+ 14. Bd2 Qd8 15. cxd6 Nxd5 16. cxd5 Bxa1 $5 {
Black has a poor position.} ({Known is} 16... f5 17. Bc3 $1 Qh4+ 18. g3) 17.
Qxa1 Re8 $5 (17... Qxd6 18. Bh6 Qb4+ 19. Kf2 Qc5+ 20. Kg3 Qd6+ 21. e5 $1 {
wins for White (Dreev).}) 18. Qd4 $1 f6 19. Nc3 $1 a6 ({The pointe is} 19...
Qxd6 20. Nb5) 20. Qb4 b5 21. Be3 $1 Nd7 22. Be2 Ne5 23. O-O Bd7 24. f4 Nf7 25.
Bc5 $1 Rc8 26. Qd4 Rxc5 27. Qxc5 Bc8 28. a4 $1 Qxd6 29. Qxd6 Nxd6 30. axb5 Nxe4
$5 31. Nxe4 Rxe4 32. Rc1 Bf5 33. Bd3 Ra4 34. Bxf5 gxf5 35. b6 {
Dreev utilised the opportunity.} 1-0

[Event "Biel"]
[Site "28"]
[Date "1995.07.22"]
[Round "2"]
[White "Gelfand, Boris"]
[Black "Zvjaginsev, Vadim"]
[Result "1-0"]
[WhiteElo "2685"]
[BlackElo "2600"]
[Annotator "JvR"]
[PlyCount "55"]
[EventDate "1995.07.??"]
[SourceDate "2013.10.27"]

1. d4 Nf6 2. c4 e6 3. Nc3 Bb4 4. Qc2 d5 5. cxd5 Qxd5 6. Nf3 Qf5 7. Qd1 c5 8. e3
$5 cxd4 9. exd4 O-O ({A novelty will become} 9... Ne4 $5 10. Bd2 Nc6 {
(Timman - Short, Horgen 1995).}) 10. Bd3 Qh5 11. O-O Nbd7 12. Ne2 $1 Bd6 13.
Bf4 Bxf4 14. Nxf4 Qh6 15. g3 b6 16. Rc1 Bb7 17. Rc7 Bxf3 $5 18. Qxf3 e5 19. Nd5
exd4 20. Nxf6+ Nxf6 21. Re1 Rae8 $6 ({Better is} 21... Rac8 22. Rxa7 Qd2 23.
Qe2 Qxe2 24. Rxe2 Ra8) 22. Rxe8 Rxe8 $2 (22... Nxe8 23. Rxa7 Qc1+ 24. Kg2 Nf6
$1 {prolongs the game.}) 23. Rxa7 $2 (23. Bc4 $1 {wins for White.}) 23... Qc1+
$6 (23... Qh3 $1 24. Ra8 Qd7 $1 25. Rxe8+ Qxe8 {defends well.}) 24. Kg2 Qxb2 $2
25. Bc4 Kh8 26. Ra8 $1 Qb4 27. Rxe8+ Nxe8 28. Qa8 $1 (28. Qa8 Qf8 29. Bb5 d3
30. Qxe8 Qxe8 31. Bxe8 d2 32. Ba4 {wins for White (Gelfand).}) 1-0

[Event "Biel"]
[Site "28"]
[Date "1995.07.24"]
[Round "4"]
[White "Dreev, Alexey"]
[Black "Milov, Vadim"]
[Result "1-0"]
[WhiteElo "2670"]
[BlackElo "2570"]
[Annotator "JvR"]
[PlyCount "61"]
[EventDate "1995.07.??"]
[SourceDate "2013.10.27"]

1. d4 Nf6 2. c4 e6 3. Nc3 c5 4. d5 exd5 5. cxd5 d6 6. Nf3 g6 7. e4 a6 8. h3 b5
9. Bd3 Bg7 10. O-O O-O 11. Bf4 Re8 12. Re1 b4 13. Na4 Bd7 14. a3 a5 $5 (14...
Bxa4 $6 15. Qxa4 {happened in Z.Polgar - Sax, Aruba 1992.}) 15. Bxd6 $1 c4 $2 (
15... Bxa4 16. Qxa4 Qxd6 17. e5 Qxd5 18. Rad1 $5 {(Dreev)} Nbd7 $1 19. Be4 Nb6
$1 20. Bxd5 Nxa4 21. Bxa8 Rxa8 22. exf6 Bxf6 {leads to chances for both sides.}
) 16. Bxc4 Nxe4 17. Bf4 Na6 18. d6 Qf6 19. Be3 $5 Nxd6 20. Bxa6 Bxa4 21. Qxa4
Rxa6 22. Bg5 $1 {White strikes.} Rxe1+ 23. Rxe1 Qf5 24. Re8+ $1 Nxe8 25. Qxe8+
Bf8 26. Be7 $1 ({Dreev avoids} 26. Bh6 $4 Qc5) 26... h6 27. Qxf8+ Kh7 28. Bc5
$1 g5 29. Bd4 f6 30. Qf7+ Kh8 31. Ne5 $1 {Dreev attacked well.} 1-0

[Event "Biel"]
[Site "28"]
[Date "1995.07.25"]
[Round "5"]
[White "Adianto, Utut"]
[Black "Gelfand, Boris"]
[Result "1-0"]
[WhiteElo "2590"]
[BlackElo "2685"]
[Annotator "JvR"]
[PlyCount "165"]
[EventDate "1995.07.??"]
[SourceDate "2013.10.27"]

1. d4 Nf6 2. c4 g6 3. g3 Bg7 4. Bg2 O-O 5. Nf3 d6 6. O-O Nc6 7. Nc3 a6 8. h3
Bd7 9. e4 e5 10. d5 Nd4 11. Nxd4 exd4 12. Qxd4 Qc8 13. h4 b5 $2 ({Theory is} 
13... Ng4 $1) 14. cxb5 axb5 15. Qb4 $1 {White has an advantage.} Ng4 16. Bf4
Re8 17. Rac1 Qb8 18. Bh3 $1 Qb6 19. Bxg4 Bxg4 20. Qxb5 {He grabs a second pawn.
} Reb8 21. Qxb6 Rxb6 22. b3 c5 23. dxc6 Rxc6 24. Nd5 $6 ({Preferable is} 24.
Na4 $1 Bd7 {(Dautov)} 25. Be3) 24... Rxc1 25. Rxc1 Rxa2 {Black regains a pawn.}
26. Kg2 Bd4 $5 27. Be3 Bxe3 28. Nxe3 Be6 29. Rb1 Bd7 30. g4 $1 Bb5 31. Kg3 Bd3
32. Rd1 Bxe4 33. Rxd6 Rb2 34. Rb6 Kg7 35. g5 h6 36. b4 hxg5 37. hxg5 Kf8 38. f3
Bd3 39. Kf4 Ke8 40. Ke5 Re2 41. Kd4 Bb1 42. b5 Rf2 43. Rb8+ Kd7 44. Rb7+ Ke6
45. Rb6+ Kd7 46. Rf6 Rd2+ 47. Kc5 Ba2 48. Nc4 Rg2 49. Rxf7+ Ke6 50. Rf4 Rxg5+
51. Kc6 Bb3 52. Re4+ Kf6 53. Ne3 Be6 54. b6 Bc8 55. Nd5+ $1 Kg7 56. Nb4 Rg1 57.
Rc4 Re1 58. Kc7 Re8 59. Re4 Rf8 60. Nc6 Ba6 61. Re3 Kh6 62. Ra3 Rf7+ 63. Kd6
Rf6+ 64. Ke7 Rxc6 65. Rxa6 Kh7 66. Kd8 Kh6 67. Ke7 Kh7 68. Kd7 Rf6 69. b7 Rxa6
70. b8=Q Ra5 71. Ke6 Rf5 72. Qg3 Kg7 73. Qg4 Rf6+ 74. Ke5 Rf7 75. Ke4 Kh7 76.
Qc8 Kg7 77. Ke3 Rf8 78. Qc3+ Kh7 79. Kf2 Rf5 80. Kg3 Rg5+ 81. Kf4 Rf5+ 82. Kg4
Rf7 83. Qe5 {Adianto had a lot of patience.} 1-0

[Event "Biel"]
[Site "28"]
[Date "1995.07.26"]
[Round "6"]
[White "Dreev, Alexey"]
[Black "De Firmian, Nick"]
[Result "1-0"]
[WhiteElo "2670"]
[BlackElo "2605"]
[Annotator "JvR"]
[PlyCount "53"]
[EventDate "1995.07.??"]
[SourceDate "2013.10.27"]

1. d4 Nf6 2. c4 e6 3. Nf3 c5 4. d5 exd5 5. cxd5 d6 6. Nc3 g6 7. e4 Bg7 8. h3
O-O 9. Bd3 b5 10. Nxb5 Re8 11. O-O Nxe4 12. Re1 a6 13. Na3 Nf6 14. Rxe8+ Nxe8
15. Bg5 Bf6 16. Qd2 Nd7 17. Nc4 Bb7 18. Be4 Bxg5 19. Nxg5 Ndf6 $5 20. Re1 h6 $2
({Better is} 20... Rb8 21. Bf3 Nc7) 21. Nxf7 $1 {
White utilises the opportunity and attacks.} Kxf7 22. Qxh6 Ng7 $6 (22... Nxe4
23. Qh7+ $1 Ng7 24. Rxe4 Bc8 25. Re3 $1 {also wins for White.}) 23. Bxg6+ Kg8
24. Re6 $1 Bxd5 ({The pointe is} 24... Nxe6 25. dxe6) 25. Rxd6 Bxc4 ({Or} 25...
Qe7 26. Rxd5 $1 {(Donev).}) 26. Rxd8+ Rxd8 27. Qh4 {
Dreev gains an additional piece.} 1-0

[Event "Biel"]
[Site "28"]
[Date "1995.07.28"]
[Round "7"]
[White "Campora, Daniel"]
[Black "Dreev, Alexey"]
[Result "0-1"]
[WhiteElo "2550"]
[BlackElo "2670"]
[Annotator "JvR"]
[PlyCount "62"]
[EventDate "1995.07.??"]
[SourceDate "2013.10.27"]

1. e4 e6 2. d4 d5 3. e5 c5 4. c3 Nc6 5. Nf3 Bd7 6. Be2 Nge7 7. Na3 cxd4 8. cxd4
Nf5 9. Nc2 Nb4 10. O-O Nxc2 11. Qxc2 Qb6 12. Qd3 Rc8 13. Rd1 $5 (13. Bd2 {
happened in Sveshnikov - Dreev, Rostov 1993.}) 13... h6 14. h4 a6 15. a4 Bb4
16. h5 Ne7 $5 17. Qe3 Nc6 18. Bd3 $2 ({Preferable is} 18. Bd2 O-O 19. b3) 18...
Na5 $1 19. Bb1 $5 Be7 20. Ra2 Nb3 $1 21. Bd2 Nxd2 22. Nxd2 Qb4 23. a5 $5 Ba4
24. b3 Bb5 $1 25. f4 $6 (25. Nf3 Rc3 26. Bd3 {offers more resistance.}) 25...
Rc3 $1 26. Qf2 Kd7 $5 27. f5 $5 Rhc8 28. f6 $2 ({Better is} 28. Kh2 Kc7 29.
fxe6 fxe6 30. Bg6) 28... gxf6 29. exf6 Bd6 30. Nf3 Rc1 $1 31. Rad2 Qxb3 {
Dreev won again.} 0-1

[Event "Biel"]
[Site "28"]
[Date "1995.07.28"]
[Round "7"]
[White "Shirov, Alexei"]
[Black "Timman, Jan"]
[Result "1-0"]
[WhiteElo "2695"]
[BlackElo "2590"]
[Annotator "JvR"]
[PlyCount "55"]
[EventDate "1995.07.??"]
[SourceDate "2013.10.27"]

1. e4 e5 2. Nf3 Nc6 3. Bc4 Bc5 4. b4 {They play the Evans Gambit.} Bxb4 5. c3
Be7 6. d4 Na5 7. Be2 exd4 8. Qxd4 d6 $5 (8... Nf6 {
happened in Kasparov - Anand, Riga 1995.}) 9. Qxg7 Bf6 10. Qg3 Qe7 11. O-O Bd7
$5 ({Preferable is} 11... Qxe4 $1 12. Re1 Kf8 {(Shirov).}) 12. Nd4 $5 O-O-O $6
({Better is} 12... Qxe4 13. Nd2 Qe5) 13. Nd2 Nc6 14. Qe3 h5 15. Rb1 Nh6 16. Qd3
$5 b6 $6 {He weakens his position.} 17. a4 $1 Kb8 18. a5 $1 {Shirov attacks.}
Nxa5 19. Qa6 Ka8 $2 (19... Nc6 $1 20. Ra1 Bxd4 21. cxd4 Rdg8 {
offfers more resistance.}) 20. e5 $1 {Shirov finds a brilliant finish.} Qxe5 $5
({Or} 20... Bxe5 21. Bf3+ d5 22. Bxd5+ c6 23. Nc4 Nxc4 24. Ra1 $1 Na5 25. Rxa5
$1 bxa5 26. Nxc6 {and White wins.}) 21. Bf3+ d5 22. Nc4 $1 Bc8 23. Qxa5 $1 Qxd4
(23... bxa5 24. Nxe5 Bxe5 25. Nc6 {also wins for White.}) 24. Qa2 Qxc3 25. Be3
$1 Bb7 26. Bxb6 $1 cxb6 27. Nxb6+ Kb8 28. Nxd5 {Timman scored poorly.} 1-0

[Event "Biel"]
[Site "28"]
[Date "1995.08.05"]
[Round "13"]
[White "Hodgson, Julian"]
[Black "Dreev, Alexey"]
[Result "0-1"]
[WhiteElo "2590"]
[BlackElo "2670"]
[Annotator "JvR"]
[PlyCount "146"]
[EventDate "1995.07.??"]
[SourceDate "2013.10.27"]

1. c4 c6 2. Nf3 d5 3. d4 Nf6 4. e3 Bf5 5. Nc3 e6 6. Nh4 Bg4 7. Qb3 b6 8. h3 Bh5
9. g4 Bg6 $5 ({Known is} 9... Nfd7) 10. Bg2 a5 11. Bd2 Bb4 12. Nxg6 hxg6 13. a3
Be7 14. cxd5 Nxd5 15. Rc1 Ra7 16. Na4 b5 17. Nc5 $1 a4 18. Qc2 g5 19. Qe4 Nb6
20. O-O Nc4 21. Bb4 O-O 22. Rc2 Re8 23. Rfc1 Bf6 24. Bf1 Nd6 25. Qg2 g6 26. Rd2
Bg7 27. Be2 Nc8 28. Bf3 Ne7 29. Ne4 Nd5 30. Bd6 Ra6 31. Qg3 Nd7 32. Nc5 Nxc5
33. Rxc5 Qd7 34. e4 Nb6 35. Be2 Nc8 36. Be5 f6 37. Bb8 Ra8 38. Qc7 Re7 39. Qxd7
Rxd7 40. Bg3 Ne7 41. f3 Rad8 42. Bf2 f5 43. e5 Kf7 44. Bf1 Ke8 45. Be2 f4 46.
Bf1 Rd5 47. Rxd5 Nxd5 48. Bd3 {The chances are about even.} Ne3 $5 49. Bxg6+
Ke7 50. Be1 $2 (50. Bxe3 fxe3 51. Rd3 c5 52. dxc5 Bxe5 53. Rxd8 Kxd8 54. Bd3 {
leads to many exchanges and a draw.}) 50... Nc4 $1 51. Rd3 Nxb2 52. Bb4+ Kd7
53. Rc3 Bf8 54. Bxf8 Rxf8 55. h4 $5 gxh4 56. Kh2 Nc4 $1 57. Kh3 c5 $1 58. dxc5
Kc6 $1 59. g5 Rg8 60. Be4+ Kxc5 61. Kxh4 b4 (61... Kd4 $1 62. Rd3+ Kxe5 {
wins quickly.}) 62. Rc1 Kd4 63. Bh7 $6 (63. axb4 Nxe5 64. g6 Nxg6+ 65. Bxg6
Rxg6 {offers more resistance.}) 63... Rg7 $1 64. Rd1+ Kxe5 65. g6 Kf6 66. axb4
a3 67. Kh5 a2 68. Ra1 Ra7 69. Kh6 Nd6 70. Bg8 Ra3 71. Kh5 Ra8 72. Bf7 Rh8+ 73.
Kg4 Nf5 $1 {The final standings became: Dreev 9/13, Shirov 8, Adianto and
Gelfand 71/2, Tkachiev and Zvjaginsev 7, Milov, Kindermann and De Firmian 61/2,
Gavrikov 6, Hodgson and Campora 51/2, Timman 5, Brunner 31/2.} 0-1

[Event "Biel"]
[Site "29"]
[Date "1996.07.22"]
[Round "1"]
[White "Romanishin, Oleg"]
[Black "Milov, Vadim"]
[Result "0-1"]
[WhiteElo "2555"]
[BlackElo "2565"]
[Annotator "JvR"]
[PlyCount "72"]
[EventDate "1996.07.22"]
[SourceDate "2013.10.27"]

{The twenty-ninth Schachfestival was played from 22 vii until 3 viii 1996.
Twelve strong grandmasters participated.} 1. d4 Nf6 2. Nf3 g6 3. c4 Bg7 4. Nc3
O-O 5. g3 d6 6. Bg2 Nc6 7. O-O a6 8. b3 Rb8 9. Nd5 Nh5 10. Bb2 e6 11. Nc3 b5
12. cxb5 axb5 13. Rc1 Ba6 $5 ({Usual was} 13... b4) 14. Qd2 b4 15. Nb1 $5 Ne7
16. Ne1 c5 $5 17. dxc5 dxc5 18. Bxg7 Nxg7 19. Nd3 Bxd3 20. Qxd3 Qxd3 21. exd3 {
White has a weak pawn, but Black possesses little advantage.} Rb5 22. Nd2 Ra5
23. Ne4 $1 Ngf5 24. Nxc5 Rxa2 25. Rc4 Rb8 26. Nd7 Rb5 27. Rc7 $6 ({
Preferable is} 27. g4 Nh4 28. Nf6+ Kg7 29. Ne8+ Kf8 30. Nc7) 27... h5 $1 28.
Rb1 Rba5 $5 29. Be4 $5 Ra7 30. Rxa7 $6 (30. Rbc1 $1 Nd4 31. R1c4 Rxc7 32. Nf6+
Kf8 33. Rxc7 Nxb3 34. Rb7 {counters.}) 30... Rxa7 31. Ne5 Nd4 32. Nc4 Ra2 33.
Kf1 Kg7 34. h4 Ng8 35. Ke1 $5 Nf6 36. Nd2 Ng4 $1 {Black threatens ..Nxf2!} (
36... Ng4 $1 37. f4 Rc2 $1 38. Bf3 Rxd2 $1 {wins easily.}) 0-1